|
|
|
|
| LEADER |
00000nam0a2200000 4500 |
| 001 |
342330 |
| 005 |
20231102005436.0 |
| 010 |
|
|
|a 9785982281708
|
| 035 |
|
|
|a (RuTPU)RU\TPU\book\371065
|
| 090 |
|
|
|a 342330
|
| 100 |
|
|
|a 20190125d2018 k y0rusy50 ca
|
| 101 |
0 |
|
|a rus
|
| 102 |
|
|
|a RU
|
| 105 |
|
|
|a a z 001zy
|
| 200 |
1 |
|
|a Микроорганизмы как агенты биомониторинга и биоремедиации загрязненных почв
|f Т. Я. Ашихмина [и др.]
|g Вятский государственный университет ; Российская академия наук (РАН), Уральское отделение (УрО), Коми научный центр (КомиНЦ), Институт биологии (ИБ)
|
| 210 |
|
|
|a Киров
|c Изд-во ВятГУ
|d 2018
|
| 215 |
|
|
|a 254 с.
|c ил.
|
| 320 |
|
|
|a Библиогр.: с. 226-254
|
| 330 |
|
|
|a В монографии представлены разработанные сотрудниками ВятГУ, лаборатории биомониторинга Института биологии Коми НЦ УрО РАН и ВятГУ. а также Вятской сельскохозяйственной академии оригинальные методики биоиндикации, биотестирования, биоремедиации. Особое внимание уделено растительно-микробным взаимодействиям в загрязненных почвах, сорбционная, детоксикационная. деструкционная активность которых позволяет в перспективе широко использовать подобные ассоциации в биоремедиационных мероприятиях. Представлены результаты многолетних исследований по изучению состояния природных объектов, которые получены при апробации информативных экспресс-методов биологического анализа. Описаны приемы использования биологических объектов в ремедиации техногенных территорий. Монография предназначена для студентов, аспирантов и специалистов в области микробиологии, экологии и охраны окружающей среды.
|
| 606 |
1 |
|
|a Окружающая среда
|x Биологический контроль
|2 stltpush
|3 (RuTPU)RU\TPU\subj\70427
|9 84688
|
| 610 |
1 |
|
|a микроорганизмы
|
| 610 |
1 |
|
|a биомониторинг
|
| 610 |
1 |
|
|a биоремедиация
|
| 610 |
1 |
|
|a почва
|
| 610 |
1 |
|
|a загрязнения
|
| 610 |
1 |
|
|a цианобактерии
|
| 610 |
1 |
|
|a биосорбция
|
| 610 |
1 |
|
|a биодеградация
|
| 610 |
1 |
|
|a поллютанты
|
| 610 |
1 |
|
|a биоиндикация
|
| 675 |
|
|
|a 504.064
|v 4
|
| 701 |
|
1 |
|a Ашихмина
|b Т. Я.
|
| 701 |
|
1 |
|a Домрачева
|b Л. И.
|
| 701 |
|
1 |
|a Кондакова
|b Л. В.
|
| 701 |
|
1 |
|a Широких
|b И. Г.
|
| 701 |
|
1 |
|a Широких
|b А. А.
|
| 712 |
0 |
2 |
|a Вятский государственный университет
|2 stltpush
|3 (RuTPU)RU\TPU\col\6421
|9 24241
|
| 712 |
0 |
2 |
|a Российская академия наук (РАН)
|b Уральское отделение (УрО)
|b Коми научный центр (КомиНЦ)
|b Институт биологии (ИБ)
|c (Сыктывкар)
|2 stltpush
|3 (RuTPU)RU\TPU\col\25257
|
| 801 |
|
1 |
|a RU
|b 63413507
|c 20190125
|
| 801 |
|
2 |
|a RU
|b 63413507
|c 20220930
|g RCR
|
| 942 |
|
|
|c BK
|